[Event "DVM U12 2020"]
[Site "Magdeburg GER"]
[Date "2021.08.05"]
[Round "2"]
[White "Völpel, Alexander"]
[Black "Jung, Felix"]
[Result "0-1"]
[Termination "normal"]
[Board "9.2"]
[WhiteElo "1008"]
[BlackElo "1147"]
[WhiteClock "01:23:30"]
[BlackClock "01:30:56"]
[WhiteTeam "SV Werder Bremen"]
[BlackTeam "SK Marburg 1931/72"]
[PlyCount "88"]
[WhiteFideId "34603131"]
[BlackFideId "34608290"]
[EventCountry "GER"]
[EventRounds "7"]
[EventType "team-swiss"]
[EventDate "2021.08.04"]

1. e4 {[%clk 01:30:58]} {[%emt 00:05:02]} e5 {[%clk 01:30:54]} 2. Nf3 {[%clk
01:31:24]} Nc6 {[%clk 01:31:17]} 3. Bc4 {[%clk 01:31:48]} Nd4 {[%clk 01:31:27]}
4. Nxe5 {[%clk 01:32:05]} Qg5 {[%clk 01:31:45]} 5. Nf3 {[%clk 01:30:44]} Qxg2
{[%clk 01:32:00]} 6. Nxd4 {[%clk 01:29:41]} Qxh1+ {[%clk 01:32:18]} 7. Bf1
{[%clk 01:29:53]} Qxe4+ {[%clk 01:32:27]} 8. Qe2 {[%clk 01:30:07]} Qxe2+ {[%clk
01:32:29]} 9. Bxe2 {[%clk 01:30:11]} {[%emt 00:00:16]} Bc5 {[%clk 01:32:48]}
10. Nf5 {[%clk 01:30:27]} g6 {[%clk 01:32:46]} 11. Ng3 {[%clk 01:30:21]} Nf6
{[%clk 01:32:58]} 12. Nc3 {[%clk 01:30:01]} {[%emt 00:00:34]} d5 {[%clk
01:33:11]} 13. d3 {[%clk 01:29:27]} d4 {[%clk 01:33:21]} 14. Nce4 {[%clk
01:29:36]} Nxe4 {[%clk 01:32:52]} {[%emt 00:00:17]} 15. Nxe4 {[%clk 01:29:48]}
Bb6 {[%clk 01:32:29]} 16. Bh6 {[%clk 01:29:54]} Ke7 {[%clk 01:32:27]} 17. Bg7
{[%clk 01:29:29]} {[%emt 00:00:03]} Rg8 {[%clk 01:32:28]} 18. Bf6+ {[%clk
01:29:18]} Ke8 {[%clk 01:31:59]} 19. Bh4 {[%clk 01:29:17]} Rh8 {[%clk
01:31:14]} {[%emt 00:00:04]} 20. Bf6 {[%clk 01:29:13]} Rf8 {[%clk 01:31:25]}
21. Bg7 {[%clk 01:29:38]} Ba5+ {[%clk 01:29:19]} 22. Kf1 {[%clk 01:29:46]}
{[%emt 00:00:04]} Bh3+ {[%clk 01:29:25]} 23. Kg1 {[%clk 01:30:13]} f5 {[%clk
01:29:14]} {[%emt 00:00:13]} 24. Bxf8 {[%clk 01:30:23]} {[%emt 00:00:19]} fxe4
{[%clk 01:29:17]} {[%emt 00:00:25]} 25. dxe4 {[%clk 01:30:32]} {[%emt
00:00:35]} Kxf8 {[%clk 01:29:38]} 26. Rd1 {[%clk 01:30:25]} {[%emt 00:00:32]}
Rd8 {[%clk 01:29:07]} {[%emt 00:01:09]} 27. f3 {[%clk 01:30:38]} {[%emt
00:00:47]} Bb6 {[%clk 01:29:08]} 28. Kh1 {[%clk 01:30:49]} {[%emt 00:04:55]} g5
{[%clk 01:29:01]} 29. c3 {[%clk 01:28:32]} h5 {[%clk 01:29:02]} 30. Rd3 {[%clk
01:27:07]} {[%emt 00:01:27]} g4 {[%clk 01:28:34]} {[%emt 00:00:45]} 31. fxg4
{[%clk 01:27:15]} {[%emt 00:00:29]} hxg4 {[%clk 01:28:55]} 32. Kg1 {[%clk
01:27:22]} {[%emt 00:00:14]} dxc3+ {[%clk 01:29:13]} {[%emt 00:00:19]} 33. Kh1
{[%clk 01:27:26]} {[%emt 00:00:32]} Rxd3 {[%clk 01:29:24]} {[%emt 00:00:10]}
34. Bxd3 {[%clk 01:26:01]} {[%emt 00:01:51]} cxb2 {[%clk 01:29:31]} {[%emt
00:00:22]} 35. a4 {[%clk 01:25:14]} {[%emt 00:01:16]} c5 {[%clk 01:29:43]}
{[%emt 00:01:00]} 36. Bc2 {[%clk 01:25:23]} c4 {[%clk 01:29:51]} {[%emt
00:00:10]} 37. a5 {[%clk 01:25:40]} {[%emt 00:00:32]} Bxa5 {[%clk 01:30:04]}
38. Kg1 {[%clk 01:25:59]} {[%emt 00:00:17]} Bb6+ {[%clk 01:30:09]} {[%emt
00:00:19]} 39. Kh1 {[%clk 01:26:27]} a5 {[%clk 01:30:28]} {[%emt 00:00:20]} 40.
Bb1 {[%clk 01:26:26]} {[%emt 00:00:21]} Bf1 {[%clk 01:30:41]} {[%emt 00:00:10]}
41. e5 {[%clk 01:24:53]} {[%emt 00:02:36]} Bd3 {[%clk 01:30:53]} 42. Bxd3
{[%clk 01:24:20]} {[%emt 00:01:16]} cxd3 {[%clk 01:31:09]} 43. h4 {[%clk
01:23:30]} {[%emt 00:01:08]} b1=Q+ {[%emt 00:00:53]} 44. Kh2 Qg1# {[%clk
01:30:56]} 0-1

[Event "DVM U12 2020"]
[Site "Magdeburg GER"]
[Date "2021.08.05"]
[Round "2"]
[White "Alkayas, Mohammad"]
[Black "Marrufo, Emilia"]
[Result "1-0"]
[Termination "normal"]
[Board "9.3"]
[WhiteElo "1170"]
[BlackElo "898"]
[WhiteClock "01:01:31"]
[BlackClock "00:42:12"]
[WhiteTeam "SK Marburg 1931/72"]
[BlackTeam "SV Werder Bremen"]
[PlyCount "53"]
[WhiteFideId "34608400"]
[BlackFideId "16287363"]
[EventCountry "GER"]
[EventRounds "7"]
[EventType "team-swiss"]
[EventDate "2021.08.04"]

1. e4 {[%clk 01:30:59]} {[%emt 00:00:05]} e5 {[%clk 01:30:43]} {[%emt
00:00:15]} 2. Nf3 {[%clk 01:31:16]} {[%emt 00:00:12]} Nc6 {[%clk 01:29:54]}
{[%emt 00:01:19]} 3. Bc4 {[%clk 01:31:34]} {[%emt 00:00:11]} Bc5 {[%clk
01:28:52]} {[%emt 00:01:35]} 4. c3 {[%clk 01:31:55]} {[%emt 00:20:49]} Nf6
{[%clk 01:27:27]} 5. d4 {[%clk 01:32:02]} exd4 {[%clk 01:26:21]} 6. O-O {[%clk
01:32:14]} {[%emt 00:00:04]} dxc3 {[%clk 01:23:43]} 7. e5 {[%clk 01:32:03]} Ne4
{[%clk 01:21:12]} 8. bxc3 {[%clk 01:31:51]} {[%emt 00:00:08]} O-O {[%clk
01:19:00]} 9. Qe2 {[%clk 01:31:06]} d5 {[%clk 01:17:37]} {[%emt 00:00:05]} 10.
Rd1 {[%clk 01:30:37]} Bg4 {[%clk 01:15:21]} {[%emt 00:00:23]} 11. Bxd5 {[%clk
01:29:27]} {[%emt 00:01:37]} Nxf2 {[%clk 01:13:15]} {[%emt 00:02:36]} 12. Bxf7+
{[%clk 01:29:10]} {[%emt 00:09:43]} Rxf7 {[%clk 01:12:26]} 13. Rxd8+ {[%clk
01:29:30]} Rxd8 {[%clk 01:12:47]} 14. Be3 {[%clk 01:28:17]} {[%emt 00:00:13]}
Bxf3 {[%clk 01:11:18]} 15. gxf3 {[%clk 01:28:12]} Bxe3 {[%clk 01:08:31]} {[%emt
00:00:04]} 16. Qxe3 {[%clk 01:26:16]} {[%emt 00:02:26]} Nh3+ {[%clk 01:07:41]}
{[%emt 00:04:56]} 17. Kf1 {[%clk 01:19:55]} {[%emt 00:03:28]} Rd1+ {[%clk
01:00:48]} {[%emt 00:07:11]} 18. Ke2 {[%clk 01:19:53]} {[%emt 00:00:36]} Rh1
{[%clk 01:00:14]} {[%emt 00:00:59]} 19. Kd2 {[%clk 01:09:49]} {[%emt 00:10:34]}
Rxh2+ {[%clk 00:56:56]} {[%emt 00:03:48]} 20. Kc1 {[%clk 01:09:55]} {[%emt
00:00:23]} Rf5 {[%clk 00:55:47]} {[%emt 00:25:50]} 21. Qd3 {[%clk 01:05:02]}
Rxe5 {[%clk 00:51:47]} 22. Nd2 {[%clk 01:05:01]} Re1+ {[%emt 00:00:05]} 23. Kb2
{[%clk 01:05:00]} {[%emt 00:03:20]} Ree2 {[%clk 00:47:47]} 24. Rd1 {[%clk
01:03:57]} Nf4 {[%clk 00:46:00]} 25. Qc4+ {[%clk 01:02:33]} Kh8 {[%clk
00:44:03]} 26. Qxf4 {[%clk 01:01:58]} Rh5 {[%clk 00:42:12]} 27. Qf8# {[%clk
01:01:31]} {[%emt 00:00:22]} 1-0

[Event "DVM U12 2020"]
[Site "Magdeburg GER"]
[Date "2021.08.06"]
[Round "3"]
[White "Krüger, Arthur"]
[Black "Trunz, Michelle"]
[Result "1-0"]
[Termination "normal"]
[Board "1.1"]
[WhiteElo "1643"]
[BlackElo "1714"]
[WhiteClock "00:08:30"]
[BlackClock "00:20:59"]
[WhiteTeam "Hamburger SK von 1830 eV"]
[BlackTeam "Godesberger Schachklub 1929 e. V."]
[PlyCount "69"]
[WhiteFideId "16244966"]
[BlackFideId "16227980"]
[EventCountry "GER"]
[EventRounds "7"]
[EventType "team-swiss"]
[EventDate "2021.08.04"]

1. d4 {[%clk 01:30:54]} f5 {[%clk 01:30:56]} 2. Nf3 {[%clk 01:31:13]} {[%emt
00:00:03]} Nf6 {[%clk 01:31:14]} 3. Bf4 {[%clk 01:31:30]} e6 {[%clk 01:30:59]}
4. e3 {[%clk 01:31:47]} c6 {[%clk 01:31:16]} 5. c4 {[%clk 01:31:37]} d5 {[%clk
01:31:35]} 6. Bd3 {[%clk 01:31:27]} Be7 {[%clk 01:31:27]} {[%emt 00:00:03]} 7.
O-O {[%clk 01:31:07]} O-O {[%clk 01:31:24]} 8. Nc3 {[%clk 01:31:18]} Ne4 {[%clk
01:28:45]} 9. h3 {[%clk 01:30:32]} Nd7 {[%clk 01:27:54]} 10. Qc2 {[%clk
01:29:09]} Ndf6 {[%clk 01:24:55]} 11. Ne2 {[%clk 01:28:23]} {[%emt 00:00:46]}
Bd7 {[%clk 01:22:10]} {[%emt 00:07:32]} 12. c5 {[%clk 01:24:41]} b6 {[%clk
01:17:09]} {[%emt 00:09:12]} 13. b4 {[%clk 01:20:51]} {[%emt 00:00:34]} Nh5
{[%clk 01:11:44]} {[%emt 00:21:22]} 14. Bh2 {[%clk 01:19:47]} g5 {[%clk
01:05:13]} 15. Ne5 {[%clk 01:18:49]} Be8 {[%clk 00:59:58]} {[%emt 00:12:07]}
16. Rfc1 {[%clk 01:07:56]} b5 {[%clk 00:58:46]} {[%emt 00:04:20]} 17. a4 {[%clk
01:05:31]} a6 {[%clk 00:55:58]} {[%emt 00:21:03]} 18. Qb2 {[%clk 00:52:12]} Bf6
{[%clk 00:55:11]} 19. f3 {[%clk 00:49:55]} Bxe5 {[%clk 00:53:43]} {[%emt
00:02:02]} 20. dxe5 {[%clk 00:50:09]} {[%emt 00:03:26]} g4 {[%clk 00:51:11]}
21. hxg4 {[%clk 00:32:48]} {[%emt 00:26:33]} Qh4 {[%clk 00:40:58]} {[%emt
00:01:53]} 22. gxh5 {[%clk 00:24:44]} {[%emt 00:08:30]} Qf2+ {[%clk 00:38:00]}
{[%emt 00:03:52]} 23. Kh1 {[%clk 00:24:46]} {[%emt 00:00:05]} Qxe3 {[%clk
00:35:34]} {[%emt 00:17:35]} 24. Bxe4 {[%clk 00:19:50]} fxe4 {[%clk 00:35:31]}
25. Nd4 {[%clk 00:14:48]} exf3 {[%clk 00:34:20]} 26. Nxf3 {[%clk 00:14:43]}
Bxh5 {[%clk 00:34:00]} 27. Rc3 {[%clk 00:13:47]} {[%emt 00:01:22]} Qh6 {[%clk
00:31:47]} {[%emt 00:03:09]} 28. Nd4 {[%clk 00:13:55]} {[%emt 00:00:08]} Rf7
{[%clk 00:30:13]} {[%emt 00:01:55]} 29. Qc1 {[%clk 00:13:58]} {[%emt 00:00:50]}
Qf8 {[%clk 00:25:45]} {[%emt 00:04:35]} 30. Nxe6 {[%clk 00:13:30]} {[%emt
00:00:58]} Qe8 {[%clk 00:24:40]} {[%emt 00:01:37]} 31. Nd4 {[%clk 00:11:53]}
{[%emt 00:02:04]} Raa7 {[%clk 00:23:13]} {[%emt 00:01:56]} 32. e6 {[%clk
00:11:42]} {[%emt 00:00:43]} Rg7 {[%clk 00:23:13]} {[%emt 00:00:42]} 33. Qf4
{[%clk 00:09:56]} {[%emt 00:02:02]} Bg4 {[%clk 00:22:03]} {[%emt 00:01:42]} 34.
Re3 {[%clk 00:08:53]} {[%emt 00:01:48]} Qg6 {[%clk 00:20:59]} {[%emt 00:01:17]}
35. Qb8+ {[%clk 00:08:30]} {[%emt 00:01:12]} 1-0

[Event "DVM U12 2020"]
[Site "Magdeburg GER"]
[Date "2021.08.06"]
[Round "3"]
[White "Blomer, Moritz"]
[Black "Wartenberg, Alissa"]
[Result "1/2-1/2"]
[Termination "normal"]
[Board "1.2"]
[WhiteElo "1416"]
[BlackElo "1562"]
[WhiteClock "00:09:26"]
[BlackClock "00:07:23"]
[WhiteTeam "Godesberger Schachklub 1929 e. V."]
[BlackTeam "Hamburger SK von 1830 eV"]
[PlyCount "112"]
[WhiteFideId "34608370"]
[BlackFideId "16280741"]
[EventCountry "GER"]
[EventRounds "7"]
[EventType "team-swiss"]
[EventDate "2021.08.04"]

1. e4 {[%clk 01:30:59]} e5 {[%clk 01:30:01]} 2. Nf3 {[%clk 01:31:23]} {[%emt
17:58:42]} Nc6 {[%clk 01:31:19]} 3. Bc4 {[%clk 01:31:50]} Bc5 {[%clk 01:31:43]}
4. O-O {[%clk 01:32:16]} Nf6 {[%clk 01:31:43]} {[%emt 00:00:30]} 5. d4 {[%clk
01:32:38]} exd4 {[%clk 01:29:26]} {[%emt 00:15:59]} 6. e5 {[%clk 01:33:00]} d5
{[%clk 01:29:48]} 7. exf6 {[%clk 01:33:21]} dxc4 {[%clk 01:30:05]} 8. Re1+
{[%clk 01:33:44]} Be6 {[%clk 01:29:50]} 9. Ng5 Qxf6 {[%clk 01:19:30]} 10. Nxe6
{[%clk 01:34:30]} fxe6 {[%clk 01:19:52]} 11. Qh5+ {[%clk 01:34:53]} Kd7 {[%clk
01:15:35]} {[%emt 00:05:42]} 12. Qxc5 {[%clk 01:34:27]} Raf8 {[%clk 01:15:41]}
13. f3 {[%clk 01:30:41]} {[%emt 00:10:20]} Qg6 {[%clk 01:14:10]} 14. Nd2 {[%clk
00:54:20]} {[%emt 00:36:24]} Qxc2 {[%clk 00:51:57]} {[%emt 00:41:35]} 15. Nxc4
{[%clk 00:53:36]} Qg6 {[%clk 00:50:22]} 16. Ne5+ {[%clk 00:50:32]} Nxe5 {[%clk
00:50:41]} 17. Qxd4+ Kc8 {[%clk 00:50:16]} 18. Qxe5 {[%clk 00:50:07]} {[%emt
00:00:03]} Re8 {[%clk 00:47:31]} 19. Bf4 {[%clk 00:49:43]} Qf7 {[%clk
00:44:57]} 20. Rac1 {[%clk 00:49:35]} Re7 21. Re2 {[%clk 00:48:30]} Kb8 {[%clk
00:41:12]} {[%emt 00:09:48]} 22. Rec2 {[%clk 00:47:36]} Rc8 {[%clk 00:41:18]}
23. Be3 {[%clk 00:42:34]} b6 {[%clk 00:35:58]} {[%emt 00:05:01]} 24. a4 {[%clk
00:42:08]} {[%emt 00:06:26]} Qf5 {[%clk 00:30:09]} 25. Qg3 {[%clk 00:41:34]}
{[%emt 00:01:12]} Qa5 {[%clk 00:28:08]} {[%emt 00:04:28]} 26. Bg5 {[%clk
00:40:26]} Rd7 {[%clk 00:26:51]} {[%emt 00:01:15]} 27. Bf4 {[%clk 00:40:05]}
{[%emt 00:01:04]} Qxa4 {[%clk 00:18:12]} {[%emt 00:12:05]} 28. h3 {[%clk
00:37:34]} {[%emt 00:05:04]} Rd1+ {[%clk 00:13:45]} 29. Kh2 {[%clk 00:37:56]}
{[%emt 00:00:19]} Rxc1 {[%clk 00:13:53]} {[%emt 00:00:38]} 30. Rxc1 {[%clk
00:38:24]} Qd7 {[%clk 00:14:13]} 31. b4 {[%clk 00:37:21]} {[%emt 00:01:18]} h6
{[%clk 00:13:42]} {[%emt 00:00:58]} 32. b5 {[%clk 00:36:37]} {[%emt 00:01:13]}
g5 {[%clk 00:12:50]} {[%emt 00:01:35]} 33. Be5 {[%clk 00:35:40]} {[%emt
00:01:15]} Qf7 {[%clk 00:11:16]} {[%emt 00:02:03]} 34. f4 {[%clk 00:29:42]}
{[%emt 00:08:06]} gxf4 {[%clk 00:07:10]} {[%emt 00:02:59]} 35. Bxf4 {[%clk
00:29:49]} {[%emt 00:00:23]} h5 {[%clk 00:07:29]} {[%emt 00:00:18]} 36. Be5
{[%clk 00:29:22]} {[%emt 00:00:50]} Qe7 {[%clk 00:06:53]} {[%emt 00:00:52]} 37.
Rc6 {[%clk 00:24:22]} {[%emt 00:08:24]} Qd7 {[%clk 00:05:15]} 38. Qe3 {[%emt
00:00:46]} Qd5 {[%clk 00:04:06]} {[%emt 00:22:26]} 39. Qf4 {[%clk 00:23:16]}
Qd7 {[%clk 00:04:16]} 40. Rc1 {[%clk 00:21:50]} Qxb5 {[%clk 00:02:15]} 41.
Bxc7+ {[%clk 00:21:22]} Kb7 {[%clk 00:02:36]} 42. Qd6 {[%clk 00:19:29]} a5
{[%clk 00:22:32]} 43. Qe7 {[%clk 00:47:03]} {[%emt 00:02:04]} Re8 {[%clk
00:21:33]} {[%emt 00:01:12]} 44. Qf7 {[%clk 00:45:04]} {[%emt 00:02:29]} Ka6
{[%clk 00:21:28]} {[%emt 00:00:57]} 45. Bg3 {[%clk 00:38:40]} {[%emt 00:15:50]}
Ra8 {[%clk 00:12:46]} 46. Qxe6 {[%clk 00:36:17]} {[%emt 00:02:46]} Re8 {[%clk
00:12:07]} {[%emt 00:01:08]} 47. Qf7 {[%clk 00:31:48]} {[%emt 00:05:01]} Ra8
{[%clk 00:10:54]} {[%emt 00:01:42]} 48. Qf6 {[%clk 00:29:33]} {[%emt 00:02:45]}
Ra7 {[%clk 00:10:18]} {[%emt 00:01:03]} 49. Rc6 {[%clk 00:26:15]} {[%emt
00:03:54]} Rb7 {[%clk 00:09:40]} {[%emt 00:01:05]} 50. Qe6 {[%clk 00:22:58]}
{[%emt 00:03:47]} Qb4 {[%clk 00:08:35]} {[%emt 00:01:34]} 51. Qc8 {[%clk
00:17:57]} {[%emt 00:05:36]} Ka7 {[%clk 00:07:04]} {[%emt 00:01:58]} 52. Bb8+
{[%clk 00:17:39]} {[%emt 00:00:56]} Ka6 {[%clk 00:06:49]} {[%emt 00:01:06]} 53.
Bd6 {[%clk 00:12:47]} {[%emt 00:04:53]} Qd4 {[%clk 00:06:08]} {[%emt 00:01:07]}
54. Qa8+ {[%clk 00:11:50]} {[%emt 00:01:31]} Ra7 {[%clk 00:06:31]} {[%emt
00:00:13]} 55. Qc8+ {[%clk 00:10:37]} {[%emt 00:01:39]} Rb7 {[%clk 00:06:56]}
{[%emt 00:00:04]} 56. Qa8+ {[%clk 00:09:26]} {[%emt 00:01:39]} Ra7 {[%clk
00:07:23]} {[%emt 00:00:07]} 1/2-1/2

[Event "DVM U12 2020"]
[Site "Magdeburg GER"]
[Date "2021.08.06"]
[Round "3"]
[White "Dorendorf, Mika"]
[Black "Trunz, Tamila"]
[Result "1-0"]
[Termination "normal"]
[Board "1.3"]
[WhiteElo "1492"]
[BlackElo "1353"]
[WhiteClock "00:54:52"]
[BlackClock "00:07:10"]
[WhiteTeam "Hamburger SK von 1830 eV"]
[BlackTeam "Godesberger Schachklub 1929 e. V."]
[PlyCount "101"]
[WhiteFideId "16283066"]
[BlackFideId "16267885"]
[EventCountry "GER"]
[EventRounds "7"]
[EventType "team-swiss"]
[EventDate "2021.08.04"]

1. d4 {[%clk 01:30:30]} d5 {[%clk 01:30:45]} {[%emt 18:47:10]} 2. c4 {[%clk
01:31:13]} e6 {[%clk 01:30:44]} 3. Nc3 {[%clk 01:31:01]} Nf6 {[%clk 01:30:38]}
4. cxd5 {[%clk 01:30:39]} exd5 {[%clk 01:30:38]} 5. Bg5 {[%clk 01:30:32]} Nbd7
{[%clk 01:29:57]} {[%emt 00:00:17]} 6. e3 {[%clk 01:29:02]} c6 {[%clk
01:29:43]} 7. Bd3 {[%clk 01:27:09]} Bd6 {[%clk 01:21:17]} 8. Nge2 {[%clk
01:17:03]} Qc7 {[%clk 01:16:59]} 9. h3 {[%clk 01:15:46]} {[%emt 00:05:57]} O-O
{[%clk 01:09:37]} 10. O-O {[%clk 01:15:51]} Re8 {[%clk 01:09:24]} 11. Rc1
{[%clk 01:15:28]} b6 {[%clk 01:01:04]} {[%emt 00:02:03]} 12. Nb5 {[%clk
01:15:01]} {[%emt 01:08:33]} Qb8 {[%clk 00:51:34]} 13. Rxc6 {[%clk 01:15:17]}
Bh2+ {[%clk 00:49:23]} 14. Kh1 {[%clk 01:15:38]} a6 {[%clk 00:47:01]} 15. Na3
{[%clk 01:14:35]} {[%emt 00:00:17]} Bd6 {[%clk 00:44:55]} 16. Qb3 {[%clk
01:10:50]} b5 {[%clk 00:37:08]} 17. Bf4 {[%clk 01:03:35]} Bxf4 {[%clk
00:36:46]} 18. Nxf4 {[%clk 01:03:53]} {[%emt 00:00:08]} b4 {[%clk 00:35:14]}
19. Nb1 {[%clk 01:01:13]} Kh8 {[%clk 00:30:34]} 20. Rfc1 {[%clk 00:58:10]} a5
{[%clk 00:25:23]} 21. Rc7 {[%clk 00:56:44]} Bb7 {[%clk 00:18:30]} {[%emt
00:02:27]} 22. Bb5 {[%clk 00:56:42]} {[%emt 00:00:45]} Rd8 {[%clk 00:18:19]}
{[%emt 00:00:40]} 23. Bxd7 {[%clk 00:56:32]} {[%emt 00:01:08]} Nxd7 {[%clk
00:17:43]} {[%emt 00:00:20]} 24. Nxd5 {[%clk 00:55:43]} {[%emt 00:02:36]} Bxd5
{[%clk 00:17:18]} 25. Qxd5 {[%clk 00:56:05]} Nf6 {[%clk 00:17:09]} {[%emt
00:00:29]} 26. Qxf7 {[%clk 00:55:33]} {[%emt 00:01:02]} Rg8 {[%clk 00:17:31]}
{[%emt 00:00:06]} 27. Rb7 {[%clk 00:55:43]} {[%emt 00:00:18]} Qe8 {[%clk
00:17:15]} {[%emt 00:00:46]} 28. Rcc7 {[%clk 00:55:59]} {[%emt 00:00:14]} Rc8
{[%clk 00:16:29]} {[%emt 00:01:20]} 29. Qxe8 {[%clk 00:55:53]} {[%emt
00:00:39]} Rcxe8 {[%clk 00:16:47]} {[%emt 00:00:05]} 30. Nd2 {[%clk 00:55:52]}
{[%emt 00:00:38]} Ref8 {[%clk 00:15:26]} {[%emt 00:01:44]} 31. Kg1 {[%clk
00:55:42]} {[%emt 00:00:48]} Rc8 {[%clk 00:15:00]} {[%emt 00:00:49]} 32. b3
{[%clk 00:55:16]} {[%emt 00:01:02]} Nd5 {[%clk 00:14:56]} {[%emt 00:00:30]} 33.
Rxc8 {[%clk 00:54:20]} {[%emt 00:01:23]} Rxc8 {[%clk 00:15:23]} {[%emt
00:00:15]} 34. Nc4 {[%clk 00:54:40]} h6 {[%clk 00:15:25]} {[%emt 00:00:26]} 35.
Rb5 {[%clk 00:54:51]} {[%emt 00:00:18]} Nc3 {[%emt 00:05:06]} 36. Rxa5 {[%clk
00:55:14]} Kg8 {[%clk 00:12:08]} 37. Re5 {[%clk 00:54:46]} {[%emt 00:00:17]}
Kf8 {[%clk 00:09:32]} {[%emt 00:03:06]} 38. Nd6 {[%clk 00:54:08]} {[%emt
00:01:12]} Ra8 {[%clk 00:09:08]} {[%emt 00:00:49]} 39. Nb5 {[%clk 00:52:57]}
{[%emt 00:01:46]} Rxa2 {[%clk 00:08:03]} {[%emt 00:10:09]} 40. Nxc3 {[%clk
00:53:16]} bxc3 {[%clk 00:08:02]} 41. Rc5 {[%clk 00:53:37]} c2 {[%clk
00:07:42]} 42. Kh2 {[%clk 00:53:57]} Ke7 {[%clk 00:07:57]} 43. Kg3 {[%clk
00:54:08]} Kd6 {[%clk 00:07:07]} 44. b4 {[%clk 00:53:54]} {[%emt 00:00:38]} Rb2
{[%clk 00:07:18]} 45. b5 {[%clk 00:54:17]} Rxb5 {[%clk 00:07:37]} 46. Rxc2
{[%clk 00:54:37]} Rg5+ {[%clk 00:07:39]} 47. Kf3 {[%clk 00:54:41]} {[%emt
00:00:09]} h5 {[%clk 00:07:41]} 48. Rc5 {[%clk 00:54:43]} Rxc5 {[%clk
00:07:34]} 49. dxc5+ {[%clk 00:55:09]} Kxc5 {[%clk 00:07:51]} 50. Kf4 {[%clk
00:55:35]} Kd5 {[%clk 00:07:10]} 51. Kg5 {[%clk 00:54:52]} {[%emt 00:01:08]}
1-0